Авторы произведений российской школьной программы по литературе - Statistics

General Stats
  • This quiz has been taken 408 times
  • The average score is 14 of 22
Answer Stats
автор произведения % Correct
Александр Пушкин Руслан и Людмила / Капитанская дочка / Евгений Онегин
100%
Николай Гоголь Мёртвые души / Ревизор / Тарас Бульба / Шинель
98%
Лев Толстой Война и мир / После бала / Филипок
97%
Михаил Лермонтов Герой нашего времени / Мцыри / Бородино
96%
Фёдор Достоевский Преступление и наказание / Идиот / Кроткая
94%
Уильям Шекспир Ромео и Джульетта
85%
Иван Тургенев Отцы и дети / Ася / Первая любовь
83%
Антон Чехов Человек в футляре / Вишнёвый сад / Ванька
81%
Михаил Булгаков Собачье сердце / Мастер и Маргарита / Роковые яйца
80%
Михаил Шолохов Тихий Дон / Поднятая целина / Судьба человека
69%
Владимир Маяковский Облако в штанах / Нате! / Флейта-позвоночник
68%
Александр Грин Алые паруса / Зелёная лампа
62%
Марк Твен Приключения Тома Сойера / Приключения Гекльберри Финна
62%
Иван Гончаров Обломов / Обыкновенная история / Обрыв
59%
Александр Куприн Гранатовый браслет / Олеся / Поединок
53%
Джек Лондон Морской волк / Зов предков / Мартин Иден
47%
Александр Твардовский Василий Тёркин
46%
Иван Бунин Митина любовь / Господин из Сан-Франциско / Окаянные дни
44%
Александр Блок Незнакомка / Двенадцать / Скифы
42%
Сергей Есенин Чёрный человеек / Русь уходящая / Клён
37%
Чарльз Диккенс Повесть о двух городах / Домби и сын / Рождественская история
23%
Мольер Тартюф / Мещанин во дворянстве
17%
No matching quizzes found
Score Distribution
Percent of People with Each Score
Percentile by Number Answered
Your Score History
You have not taken this quiz